Statistics for 100 Largest Empires with Images

Click here to take the quiz!

General Stats

  • This quiz has been taken 200 times
  • The average score is 44 of 100

Answer Stats

Answer% Correct
British Empire
98%
Russian Empire
98%
Second French Empire
98%
First French Empire
97%
Mongol Empire
97%
Napoleonic France
97%
Spanish Empire
95%
Roman Empire
93%
Achaemenid Empire
91%
Soviet Union
88%
Ottoman Empire
86%
German Empire
84%
Qi Dynasty
84%
First Mexican Empire
83%
Qin Dynasty
83%
Third Portuguese Empire
79%
Italian Empire
78%
Qing Dynasty
78%
Swedish Empire
77%
Dutch Empire
76%
New Kingdom of Egypt
76%
Ptolemaic Egypt
76%
Holy Roman Empire
74%
Byzantine Empire
69%
Inca Empire
69%
Ming Dynasty
68%
Macedon
67%
Denmark-Norway
66%
Umayyad Caliphate
66%
Empire of Japan
63%
Mughal Empire
60%
Belgian Empire
57%
Empire of Brazil
57%
Yuan Dynasty
57%
Mali Empire
55%
Han Dynasty
54%
Khmer Empire
54%
Abbasid Caliphate
53%
Song Dynasty
53%
Polish-Lithuanian Commonwealth
52%
Golden Horde
51%
Tang Dynasty
51%
Hunnic Empire
50%
Western Roman Empire
48%
Tibetan Empire
44%
Kievan Rus'
43%
Assyrian Empire
42%
Rashidun Caliphate
40%
Frankish Empire
39%
Fatimid Caliphate
36%
Timurid Empire
35%
Sasanian Empire
34%
Iberian Union
33%
Mamluk Sultanate
33%
Mauryan Empire
33%
Parthian Empire
32%
Gupta Empire
30%
Chagatai Khanate
28%
Delhi Sultanate
28%
Gokturk Khaganate
27%
Almohad Caliphate
26%
Almoravid Dynasty
26%
Ilkhanate
26%
Jin Dynasty
25%
Safavid Dynasty
25%
Shang Dynasty
25%
Seleucid Empire
23%
Xiongnu Empire
23%
Khazar Khanate
22%
Northern Zhou Dynasty
22%
Uyghur Khaganate
21%
Aksum Empire
19%
Ayyubid Dynasty
19%
Maratha Empire
19%
Median Empire
19%
Srivijaya Empire
19%
Xin Dynasty
19%
Liao Dynasty
18%
Qajar Empire
16%
Sui Dynasty
16%
Indo-Scythian Kingdom
14%
Seljuk Turks
14%
Ghaznavid Empire
13%
Indo-Greek Kingdoms
13%
Pushyabhuti Dynasty
12%
Wei Dynasty
12%
Gurjara-Pratihara Dynasty
10%
Samanid Dynasty
10%
Eastern Turkic Khaganate
9%
Ghurid Dynasty
9%
Khwarazmian Empire
9%
Rouran Khaganate
9%
Western Turkic Khaganate
9%
Xianbei Empire
9%
Buyid Dynasty
7%
Dzungar Khanate
6%
Greco-Bactrian Kingdom
6%
Hephthalite Empire
5%
Qara Khitai
4%
Tahrid Dynasty
2%

Score Distribution

Percentile by Number Answered

Percent of People with Each Score

Your Score History

You have not taken this quiz